Introduction to simulation and risk analysis
Αποθηκεύτηκε σε:
| Κύριος συγγραφέας: | |
|---|---|
| Άλλοι συγγραφείς: | |
| Μορφή: | Βιβλίο |
| Γλώσσα: | English |
| Δημοσίευση: |
Upper Saddle River, NJ :
Prentice Hall,
c1998
|
| Θέματα: | |
| Ετικέτες: |
Προσθήκη ετικέτας
Δεν υπάρχουν, Καταχωρήστε ετικέτα πρώτοι!
|
MARC
| LEADER | 00000nam a2200000 i 4500 | ||
|---|---|---|---|
| 001 | 1/14337 | ||
| 008 | 001204s1998 eng d | ||
| 020 | |a 0-13-621608-0 | ||
| 035 | |l 10064962 | ||
| 040 | |a GR-MY-UA |b gre |e aacr | ||
| 041 | 0 | |a eng | |
| 082 | 0 | |a 658.403002855369 | |
| 100 | 1 | |a Evans, James R. |q (James Robert), |d 1950- | |
| 245 | 1 | 0 | |a Introduction to simulation and risk analysis / |c James R. Evans, David L. Olson |
| 260 | |a Upper Saddle River, NJ : |b Prentice Hall, |c c1998 | ||
| 300 | |a xx, 279 p. |e 1 computer laser optical disc (4 3/4 in.) | ||
| 504 | |a Includes bibliography and indexes | ||
| 630 | 0 | 0 | |a Crystal ball (Computer file) |
| 650 | 0 | 0 | |a Decision making |x Computer simulation. |
| 650 | 0 | 0 | |a Decision support systems. |
| 650 | 0 | 0 | |a Electronic spreadsheets. |
| 700 | 1 | |a Olson, David Louis. | |
| 852 | |a INST |b CHIOS |e 20010109 |h 658.403002855369 EVA |p 005200017033 |q 005200017033 |t BK |y 0 | ||
| 852 | |a INST |b CHIOS |e 20001204 |h 658.403002855369 EVA |p 005200017156 |q 005200017156 |t BK |y 0 | ||
| 901 | |a BIBL2-2001-1 | ||
| 909 | |a Χ |b 082471 | ||
| 909 | |a Χ |b 083394 | ||
| 922 | |a 2ΕΛΗ |b 200010 |c ΤΜΟΔ |d ΜΙΧΑΛΟΠΟΥΛΟΣ | ||
| 950 | |a 186-2000-09-15 | ||
| 970 | |a ΣΠΕΝΤΖΑ |b ΕΛΕΝΗ |z 2001/01/09 | ||